00547nam a22001217a 4500008004100000040005500041080002900096245019500125260006700320300001000387500001200397650001600409230622b |||||||| |||| 00| 0 eng d aNational Science LibrarycNational Science Library a628.11:504](082.2)bM7.2 aInternational seminar on environmental impact assessment of water resources projectsc/ Proceedings of the international seminar held at W.R.D.T.C. University of Roorkee 12-14 December, 1985 aRoorkee: bWater Resources Development Training Centre, c1985 a819p. aVol. II aProceedings